Pays frontaliers ayant la même initiale - Statistiques

Statistiques générales
  • Ce quiz a été pris 132 fois
  • Le résultat moyen est 27 sur 40
Statistiques - réponses
Lettre Pays frontalier(s) Pays % Correct
Z Zambie Zimbabwe
85%
L Lituanie Lettonie
83%
Z Zimbabwe Zambie
83%
L Lettonie Lituanie
82%
C Corée du Nord Chine
81%
B Bolivie Brésil
79%
C Chine, Corée du Sud Corée du Nord
79%
C Corée du Nord Corée du Sud
79%
A Autriche Allemagne
78%
R Rép. Centrafricaine, Rép. du Congo, Rwanda République démocratique du Congo
78%
R Rép. démocratique du Congo Rwanda
77%
A Allemagne Autriche
76%
B Brésil Bolivie
76%
G Guinée-Bissau Guinée
76%
R Rép. Centrafricaine, Rép. démocratique du Congo République du Congo
76%
M Mauritanie Mali
75%
M Mauritanie Maroc
75%
M Mali, Maroc Mauritanie
75%
G Guinée Guinée-Bissau
72%
K Kirghizistan Kazakhstan
72%
N Nigeria Niger
68%
N Niger Nigeria
68%
E Éthiopie Érythrée
67%
I Irak Iran
66%
R Rép. démocratique du Congo, Rép. du Congo République Centrafricaine
66%
E Érythrée Éthiopie
65%
I Iran Irak
65%
K Kazakhstan Kirghizistan
65%
G Gabon Guinée équatoriale
57%
G Guinée équatoriale Gabon
56%
S Soudan du Sud Soudan
55%
S Soudan Soudan du Sud
55%
A Azerbaïdjan Arménie
52%
A Arménie Azerbaïdjan
49%
B Burkina Faso Bénin
46%
B Bénin Burkina Faso
46%
B Birmanie Bangladesh
45%
B Bangladesh Birmanie
45%
M Malawi Mozambique
43%
M Mozambique Malawi
42%
Aucun quiz correspondant
Distribution des résultats
% des personnes avec chaque résultat
Percentile par nombre de réponses
Votre historique - résultats
Vous n’avez pas pris ce quiz